01014cam a2200289 a 4500999001900000001000900019003000500028005001700033008004100050010003100091020001500122020001800137035002400155038001100179040003000190050002400220082001500244100002800259245010600287260003800393300003400431504006400465650003300529906004500562942001200607952010500619 c527348d52734815706555NUST20190725084104.0090421s2010 maua b 001 0 eng  a 2009016210z 2009030057 a0321629302 a9780321629302 a(OCoLC)ocn319602638 awaseem aDLCcDLCdYDXdYDXCPdDLC00aQA276.12b.V53 201000a519.5bVIC1 aVickers, Andrew.91855510aWhat is a P-value anyway? :b34 stories to help you actually understand statistics /cAndrew Vickers. aBoston :bAddison-Wesley,cc2010. axii, 212 p. :bill. ;c24 cm. aIncludes bibliographical references (p. 209-210) and index. 0aMathematical statistics.961 a7bcbccorignewd1eecipf20gy-gencatlg 2ddccBK 00102ddc4070aCLbCLd2019-07-25l1m1o519.5 VICpCL-191r2025-06-12s2019-08-09w2019-07-25yBK